01198nam a2200277Ia 450000500170000000800410001702000220005810000330008024500950011325000190020830000270022749000170025450502350027158600360050660000490054260000600059165000280065165000300067970000190070926400580072833600270078633700330081333800280084604000350087408400110090920220317001153.0160825s9999 xx 000 0 und d a9,7895628906e+0121 aMistral, Gabrielad1889-195710aAntología de poesía y prosa de Gabriela Mistralcselección y prólogo Jaime Quezada a2a. edición  a419 páginas c21 cm  aTierra firme aPoesía y prosa de Gabriela Mistral: una antología fundamental / Jaime Quezada -- Discurso de recepción del Premo Nobel de Literatura / Gabriela Mistral -- Poesía: Desolación -- Ternura -- Tala -- Lagar -- Poema de Chile  aPremio Nobel de Literatura 194514aMistral, Gabriela d1889-1957xCronología 14aMistral, Gabriela d1889-1957xColecciones de escritos 142LEMBaPoesía chilena 142LEMBaLiteratura chilena 1 aQuezada, Jaime aSantiago de ChilebFondo de Cultura Económicac2007 atextobtxt2rdacontent asin mediaciónbn2rdamedia avolumenbnc2rdacarrier aCO-BoRNBPbspaerdacCO-BoRNBP aP MIS1